000 00590nam a2200205Ia 4500
005 20250508150520.0
008 008 250505s9999 xx 000 0 eng d
037 _aTextual
040 _aFEDL
_beng
_cFEDL
041 _aeng
_2eng
084 _a155.4, BRA
_qFEDL
100 _aBradbury Dorothy E.
_9756896
245 0 _aLearning to care for children
260 _aNew York, USA
_bD. Appleton-Century Company
_c1946
300 _aviii,153p.
650 _aChild Psychology
700 _a Amidon Edna P.
_9756897
942 _cTEXL
_h155.4, BRA
999 _c1324015
_d1324015